000 01323aam a2200373 i 4500
999 _c46388
_d46388
001 768714001
003 CO-MdFUSB
005 20201105113424.0
007 ta
008 200522t1935 enka|||| |||| 00| 0 eng d
020 _a[No incluye ISBN]
040 _bspa.
_aCO-MdFUSB
_cCO-MdFUSB
_dCO-MdFUSBC
_erda
041 _aeng
_hger
082 _223
_a232.904
_bB939
100 1 _aBultmann, D. Rudolf
_eautor
240 _aJesus
245 1 0 _aJesus and the word
_c/ D. Rudolf Bultmann ; traducido por Louise Pettibone Smith , Erminie Huntress
264 1 _aLondres :
_bIvor Nicholson and Watson
_c[1935]
264 4 _c© 1935
300 _a226 páginas
_c; 20 cm
336 _atexto
_btxt
_2rdacontent
337 _2rdamedia
_asin mediación
_bn
338 _2rdacarrier
_avolumen
_bnc
505 _aLos antecedentes históricos para el ministerio de Jesús - La enseñanza de Jesús; La venida del reino de Dios - La enseñanza de Jesús: La voluntad de Dios - La enseñanza de Jesús: Dios el lejano y el cercano.
563 _aPasta dura
600 0 7 _aJesucristo
_vEnseñanzas.
650 7 _9239
_aCristología
653 _aTeología dialéctica
700 _93885
_aSmith, Louise Pettibone,
700 _93886
_aHuntress, Erminie,
942 _cBK
945 _aJTF-925